[Event "Ïåðâåíñòâî Ìîñêâû ïî øàõìàòàì 2015 ñðåäè"]
[Site "Moscow"]
[Date "2015.11.15"]
[Round "4.11"]
[White "Õóäÿêîâ, Ñòàíèñëàâ."]
[Black "Òåéèòáàåâ, Àêòèëåê."]
[Result "0-1"]
[WhiteElo "1750"]
[BlackElo "2029"]
[PlyCount "164"]
[EventDate "2015.11.12"]

1. e4 e5 2. Bc4 Nf6 3. d4 Nc6 4. Nf3 Bd6 5. O-O O-O 6. Re1 h6 7. h3 Re8 8. dxe5
Bxe5 9. Nxe5 Nxe5 10. Bd3 d5 11. Nc3 Nxd3 12. Qxd3 d4 13. Nb5 c5 14. Bf4 Be6
15. Nc7 Rc8 16. Nxe8 Qxe8 17. Rad1 Rd8 18. b3 b5 19. Be5 Nh7 20. Qg3 f6 21. Bd6
Qc6 22. e5 f5 23. Qg6 Nf8 24. Qh5 Rc8 25. Rd2 Kh7 26. Red1 g6 27. Qe2 Bd5 28.
f3 Ne6 29. Qf2 b4 30. Qg3 a5 31. Qh4 Re8 32. Kh2 Ng5 33. Qf2 Nf7 34. Re1 Ng5
35. Rf1 Ne6 36. Rfd1 Rg8 37. Qe2 Ng7 38. Qf2 Re8 39. f4 Re6 40. Re1 Ne8 41. Qh4
Kg7 42. Red1 Nxd6 43. exd6 Qxd6 44. Qf2 Re4 45. g3 h5 46. h4 Re3 47. Re1 Rf3
48. Qe2 Be4 49. Rf1 Re3 50. Qf2 Qa6 51. Re1 Rc3 52. Qe2 Qc6 53. Qf2 Kf6 54. Qe2
a4 55. Ra1 Kg7 56. Kh3 Kh6 57. Kh2 Qa8 58. Qd1 Qa6 59. Rc1 Re3 60. Ra1 Rc3 61.
Rc1 Kg7 62. Qe1 Kf7 63. Qd1 Qb5 64. Qe1 Re3 65. Qf1 Qc6 66. Re1 Rc3 67. Rc1 Kf6
68. Qe2 Kf7 69. Qf1 Kg7 70. Qe2 axb3 71. axb3 d3 72. Qd1 Rxc2 73. Rdxc2 dxc2
74. Qd2 Kf7 75. Ra1 Qd5 76. Qc1 Qxb3 77. Ra7+ Kf8 78. Qa1 Qc3 79. Qxc3 bxc3 80.
Ra1 Ke7 81. Kg1 Kd6 82. Kf2 Kd5 0-1

[Event "Ïåðâåíñòâî Ìîñêâû ïî øàõìàòàì 2015 ñðåäè"]
[Site "Moscow"]
[Date "2015.11.15"]
[Round "4.13"]
[White "Øåâåëåâ, Àëåêñàíäð."]
[Black "Ñó÷êîâ, Àëåêñàíäð."]
[Result "1-0"]
[WhiteElo "1496"]
[BlackElo "1873"]
[PlyCount "110"]
[EventDate "2015.11.12"]

1. d4 Nf6 2. c4 g6 3. Nf3 Bg7 4. Nc3 O-O 5. e4 d6 6. Be2 Bg4 7. O-O Nfd7 8. Be3
Nc6 9. Ne1 Bxe2 10. Nxe2 Na5 11. Qc2 c5 12. d5 Ne5 13. Bd2 Nexc4 14. Bc3 b5 15.
Bxg7 Kxg7 16. b3 Ne5 17. f4 Nd7 18. f5 Qb6 19. Kh1 b4 20. fxg6 hxg6 21. Qd2 c4
22. bxc4 Nxc4 23. Qg5 Qe3 24. Nf4 Nf6 25. Rf3 Qxe4 26. Ned3 Ne5 27. Rh3 Rh8 28.
Re1 Qd4 29. Rg3 Nfg4 30. Rxg4 Nxg4 31. Qxg4 Rac8 32. Nh5+ Rxh5 33. Qxd4+ Kf8
34. Nxb4 Rc5 35. h3 Rh6 36. Nc6 Rh5 37. Nxa7 Rcxd5 38. Qb6 Rhf5 39. Qd8+ Kg7
40. Qxe7 Rd2 41. a4 Rff2 42. Qb7 d5 43. Rg1 d4 44. Nc6 d3 45. Ne5 Rb2 46. Nxd3
Rxb7 47. Nxf2 Rb2 48. Nd3 Ra2 49. Nc5 Kf6 50. Re1 Kf5 51. Rf1+ Kg5 52. Rxf7 Kh4
53. Kh2 Rc2 54. Ne4 Rc4 55. g3+ Kh5 1-0

[Event "Ïåðâåíñòâî Ìîñêâû ïî øàõìàòàì 2015 ñðåäè"]
[Site "Moscow"]
[Date "2015.11.15"]
[Round "4.14"]
[White "Ðîìàøèí, Äåíèñ."]
[Black "Ãåéâîíäÿí, Àðñåí."]
[Result "0-1"]
[WhiteElo "1820"]
[BlackElo "1743"]
[PlyCount "130"]
[EventDate "2015.11.12"]

1. e4 e6 2. d4 d5 3. exd5 exd5 4. Nf3 Bd6 5. Bd3 Ne7 6. O-O O-O 7. Re1 Bf5 8.
Ng5 h6 9. Bxf5 Nxf5 10. Qd3 Qf6 11. Nf3 Nd7 12. Nc3 c6 13. Ne2 Rfe8 14. Bd2 Re4
15. Ng3 Nxg3 16. hxg3 Rae8 17. Re3 Qe6 18. Rae1 f5 19. Qb3 b5 20. a4 a6 21.
axb5 axb5 22. Bb4 Bxb4 23. Qxb4 Qf6 24. Qc3 Rxe3 25. Rxe3 Re4 26. Ne5 Nxe5 27.
dxe5 Qe6 28. f3 d4 29. Qb3 Qxb3 30. Rxb3 Rxe5 31. Kf2 Kf7 32. Rd3 c5 33. Ra3 c4
34. Ra6 d3 35. cxd3 cxd3 36. Rd6 Re2+ 37. Kf1 Rxb2 38. Rxd3 b4 39. Rd5 Ke6 40.
Rb5 b3 41. g4 fxg4 42. fxg4 g5 43. Ke1 Kf6 44. g3 Rb1+ 45. Kd2 b2 46. Kc2 Rg1
47. Kxb2 Rxg3 48. Rb4 Rf3 49. Kc2 Rf4 50. Rb6+ Ke5 51. Rxh6 Rxg4 52. Kd2 Kf4
53. Ke2 Kg3 54. Kf1 Rf4+ 55. Ke2 g4 56. Rg6 Kg2 57. Ke3 Rf3+ 58. Ke2 g3 59. Rg7
Rf6 60. Ke3 Kh2 61. Rh7+ Kg1 62. Rg7 g2 63. Ra7 Rf1 64. Rg7 Ra1 65. Kf3 Kf1 0-1

[Event "Ïåðâåíñòâî Ìîñêâû ïî øàõìàòàì 2015 ñðåäè"]
[Site "Moscow"]
[Date "2015.11.15"]
[Round "4.15"]
[White "Áóðàêîâ, Àëåêñàíäð."]
[Black "Ñìèðíîâ, Àðòåìèé."]
[Result "1-0"]
[WhiteElo "1758"]
[BlackElo "1529"]
[PlyCount "69"]
[EventDate "2015.11.12"]

1. c4 c5 2. Nf3 Nf6 3. g3 Nc6 4. Nc3 d5 5. cxd5 Nxd5 6. Bg2 Nc7 7. d3 e5 8. O-O
Be7 9. Nd2 O-O 10. Nc4 f6 11. f4 Be6 12. Qa4 Nd5 13. fxe5 Nxe5 14. Nxe5 fxe5
15. Rxf8+ Bxf8 16. Qe4 Nxc3 17. bxc3 Qb6 18. Qxe5 Re8 19. Bd5 Kh8 20. e4 Bf7
21. Qf5 c4+ 22. d4 Bxd5 23. Qxd5 Qg6 24. e5 Qd3 25. Bf4 Qxc3 26. Rf1 Qb4 27.
Qf7 Rc8 28. Bd2 Qe7 29. Qxe7 Bxe7 30. d5 Bc5+ 31. Kg2 Bd4 32. e6 c3 33. e7 Kg8
34. d6 cxd2 35. d7 1-0

[Event "Ïåðâåíñòâî Ìîñêâû ïî øàõìàòàì 2015 ñðåäè"]
[Site "Moscow"]
[Date "2015.11.15"]
[Round "4.16"]
[White "Àõìåòîâ, Ãàçèç."]
[Black "Êîìÿãèí, Ìèõàèë."]
[Result "1-0"]
[WhiteElo "1649"]
[BlackElo "1862"]
[PlyCount "77"]
[EventDate "2015.11.12"]

1. d4 Nf6 2. Nc3 g6 3. e4 d6 4. f3 Bg7 5. Be3 O-O 6. Qd2 e5 7. Nge2 Qe7 8.
O-O-O exd4 9. Nxd4 Nc6 10. Kb1 Nxd4 11. Bxd4 Be6 12. g4 c5 13. Bf2 Rfd8 14. Nd5
Bxd5 15. exd5 Nd7 16. g5 Re8 17. Bb5 a6 18. Rhe1 Qd8 19. Rxe8+ Qxe8 20. Re1 Qd8
21. Bxd7 Qxd7 22. Bg3 Kf8 23. Qe3 b5 24. b4 Bd4 25. Qd3 Re8 26. Re4 Rxe4 27.
fxe4 Qe7 28. c3 Be5 29. bxc5 Bxg3 30. hxg3 dxc5 31. d6 Qd7 32. Qd5 Qh3 33. Qd1
Qd7 34. Qd5 Qh3 35. d7 Qf1+ 36. Kb2 Qe2+ 37. Kb3 c4+ 38. Kb4 Qb2+ 39. Kc5 1-0

[Event "Ïåðâåíñòâî Ìîñêâû ïî øàõìàòàì 2015 ñðåäè"]
[Site "Moscow"]
[Date "2015.11.15"]
[Round "4.17"]
[White "Ìåòåëåâ, Áîðèñ."]
[Black "Àëåêñååâ, Âàñèëèé."]
[Result "1-0"]
[WhiteElo "1756"]
[BlackElo "1629"]
[PlyCount "71"]
[EventDate "2015.11.12"]

1. e4 e5 2. Nf3 d5 3. exd5 e4 4. Qe2 Nf6 5. Nc3 Be7 6. Nxe4 O-O 7. Nxf6+ Bxf6
8. d4 Re8 9. Be3 Qxd5 10. c3 Bg4 11. h3 Bh5 12. g4 Bg6 13. Bg2 Nc6 14. O-O Be4
15. Rfe1 g6 16. a4 Rad8 17. b4 Qd7 18. Qb2 Qd5 19. Qe2 Qd7 20. Nd2 Bxg2 21.
Kxg2 Bg7 22. Qb5 Qd5+ 23. Qxd5 Rxd5 24. Bf4 Rc8 25. Ne4 f5 26. Nc5 b6 27. Ne6
fxg4 28. hxg4 Rd7 29. Nxg7 Rxg7 30. Re6 Rf7 31. Bh6 Nxb4 32. cxb4 Rd7 33. Be3
Rd5 34. Rc6 Rd7 35. Rac1 Kf7 36. d5 1-0

[Event "Ïåðâåíñòâî Ìîñêâû ïî øàõìàòàì 2015 ñðåäè"]
[Site "Moscow"]
[Date "2015.11.15"]
[Round "4.18"]
[White "Ñèíÿâèí, Ðîìàí."]
[Black "Àáäóëëàåâ, Ýëü÷èí."]
[Result "1/2-1/2"]
[WhiteElo "1625"]
[BlackElo "1731"]
[PlyCount "63"]
[EventDate "2015.11.12"]

1. e4 e5 2. Nf3 Nc6 3. d4 exd4 4. Nxd4 Bc5 5. Be3 Bb6 6. Nxc6 bxc6 7. Bxb6 axb6
8. Bc4 Ne7 9. Nc3 O-O 10. O-O d6 11. f4 Be6 12. Bd3 f5 13. Qe2 Qd7 14. Rae1
Rae8 15. a3 Ng6 16. Qd2 Qf7 17. g3 Qf6 18. exf5 Bxf5 19. Bxf5 Qxf5 20. Re2 Qg4
21. Rxe8 Rxe8 22. Re1 Rf8 23. Qe2 Rxf4 24. Qxg4 Rxg4 25. Re8+ Kf7 26. Rc8 Ne5
27. Rxc7+ Kf6 28. Ne2 Re4 29. Kf1 h6 30. Rc8 Kf7 31. Rc7+ Kf6 32. Rc8 1/2-1/2

[Event "Ïåðâåíñòâî Ìîñêâû ïî øàõìàòàì 2015 ñðåäè"]
[Site "Moscow"]
[Date "2015.11.15"]
[Round "4.19"]
[White "Ñåäîâ, Ìàðê."]
[Black "Ìàçàåâ, Ðîìàí."]
[Result "1-0"]
[WhiteElo "1610"]
[BlackElo "1726"]
[PlyCount "139"]
[EventDate "2015.11.12"]

1. d4 Nf6 2. c4 d5 3. cxd5 Nxd5 4. e4 Nf6 5. Nc3 e6 6. Bg5 Be7 7. Nf3 O-O 8.
Be2 c6 9. O-O Qc7 10. Rc1 Rd8 11. d5 exd5 12. exd5 a6 13. Qb3 c5 14. a4 Bf5 15.
Rfd1 Nbd7 16. Nh4 Bg6 17. Nxg6 hxg6 18. Ne4 Ne5 19. Bxf6 gxf6 20. f4 f5 21. d6
Bxd6 22. Nxd6 Rxd6 23. fxe5 Re6 24. Bf3 Qxe5 25. Qc3 Qf4 26. Qxc5 g5 27. Qd4
Qb8 28. Qd7 Rh6 29. Rc7 Qf8 30. Bxb7 Re8 31. Qxe8 Qxe8 32. Rc8 Qxc8 33. Bxc8
Rb6 34. Rb1 f4 35. b4 Rc6 36. Bd7 Rd6 37. Bg4 Kf8 38. b5 axb5 39. axb5 Rb6 40.
Bd7 Ke7 41. Bc6 f5 42. Rd1 Rb8 43. Kf2 g4 44. h3 Kf6 45. Rb1 Ke5 46. b6 Kd6 47.
Ba4 Ra8 48. b7 Rb8 49. Bd1 gxh3 50. gxh3 Kc7 51. Kf3 Rh8 52. b8=Q+ Rxb8 53.
Rxb8 Kxb8 54. Kxf4 Kc7 55. Kxf5 Kd8 56. Kg6 Ke7 57. Kg7 Ke6 58. h4 Kf5 59. h5
Kg5 60. h6 Kf4 61. h7 Kg3 62. h8=Q Kf2 63. Qh3 Ke1 64. Qd3 Kf2 65. Qf3+ Kg1 66.
Qe2 Kh1 67. Bb3 Kg1 68. Bc4 Kh1 69. Bd5+ Kg1 70. Qg2# 1-0

[Event "Ïåðâåíñòâî Ìîñêâû ïî øàõìàòàì 2015 ñðåäè"]
[Site "Moscow"]
[Date "2015.11.15"]
[Round "4.20"]
[White "Óòðîáèí, Åãîð."]
[Black "Ôèíêåëüøòåéí, Àëåêñàíäð."]
[Result "1-0"]
[WhiteElo "1674"]
[BlackElo "1616"]
[PlyCount "111"]
[EventDate "2015.11.12"]

1. d4 e6 2. f4 f5 3. Nf3 Nf6 4. e3 b6 5. b3 Bb7 6. Bb2 Be7 7. Nbd2 O-O 8. Qe2
Nc6 9. Rg1 Nb4 10. Kd1 Ne4 11. a3 Nxd2 12. Nxd2 Nd5 13. g4 Bf6 14. c4 Nxf4 15.
exf4 c5 16. g5 Bxd4 17. Bxd4 cxd4 18. Qe5 Qe8 19. Be2 d6 20. Qxd4 Rd8 21. Bf3
e5 22. Bd5+ Kh8 23. Qd3 Bxd5 24. Qxd5 exf4 25. Kc2 Qe5 26. Rge1 Qxd5 27. cxd5
Rc8+ 28. Kd3 Rc5 29. Kd4 b5 30. Re6 Rd8 31. Rxd6 Rdc8 32. Rd8+ Rxd8 33. Kxc5 a6
34. d6 h6 35. gxh6 g5 36. Kc6 Rc8+ 37. Kb7 Rc3 38. d7 Rd3 39. Kc7 Rc3+ 40. Nc4
Rd3 41. Ne5 Rd5 42. d8=Q+ Rxd8 43. Kxd8 Kh7 44. Ke7 Kxh6 45. Kf6 f3 46. Kxf5 f2
47. Rf1 Kh5 48. Rxf2 Kh4 49. Rg2 g4 50. Rxg4+ Kh3 51. Kf4 b4 52. axb4 a5 53.
bxa5 Kxh2 54. Kf3 Kh3 55. Kf2 Kh2 56. Rh4# 1-0

[Event "Ïåðâåíñòâî Ìîñêâû ïî øàõìàòàì 2015 ñðåäè"]
[Site "Moscow"]
[Date "2015.11.15"]
[Round "4.21"]
[White "Òåðòû÷íûé, Äìèòðèé."]
[Black "Êîðíååíêî, Àëåêñåé."]
[Result "1/2-1/2"]
[WhiteElo "1704"]
[BlackElo "1557"]
[PlyCount "81"]
[EventDate "2015.11.12"]

1. e4 c5 2. Nf3 d6 3. c3 Nf6 4. Be2 g6 5. O-O Bg7 6. Re1 O-O 7. d3 Nc6 8. Nbd2
Bd7 9. d4 cxd4 10. cxd4 Rc8 11. a3 Bg4 12. d5 Nb8 13. h3 Bxf3 14. Bxf3 Nbd7 15.
Nf1 Ne5 16. Be3 b6 17. Rc1 Rxc1 18. Qxc1 Nd3 19. Qd2 Nxe1 20. Qxe1 Nd7 21. Qe2
Ne5 22. Nd2 Qc7 23. Nb3 a5 24. Nd4 Qc4 25. Qd2 Qa2 26. Qc2 Qc4 27. Qd2 Rc8 28.
Be2 Qa2 29. f4 Qb1+ 30. Kf2 Nc4 31. Qc3 Qxe4 32. Bxc4 b5 33. Bd3 Rxc3 34. Bxe4
Rc7 35. Nxb5 Rb7 36. a4 Bxb2 37. Bd2 Rb8 38. Bxa5 Ra8 39. Bc3 Rxa4 40. Bxb2
Rxe4 41. Bc1 1/2-1/2

[Event "Ïåðâåíñòâî Ìîñêâû ïî øàõìàòàì 2015 ñðåäè"]
[Site "Moscow"]
[Date "2015.11.15"]
[Round "4.22"]
[White "Ìèíàøêèí, Èãîðü."]
[Black "Áîðèñåíêî, Ñàâåëèé."]
[Result "1-0"]
[WhiteElo "1556"]
[BlackElo "1642"]
[PlyCount "66"]
[EventDate "2015.11.12"]

1. d4 c6 2. c4 d5 3. cxd5 cxd5 4. Nc3 Nc6 5. Nf3 Nf6 6. Bf4 Bg4 7. e3 e6 8. Bb5
Bb4 9. O-O Qb6 10. Qb3 Bxc3 11. bxc3 Bxf3 12. gxf3 O-O 13. Rab1 Qa5 14. Bd3 b6
15. Bd6 b5 16. Bxf8 Rxf8 17. Bxb5 Ne7 18. Rfc1 Nf5 19. Qb4 Qd8 20. c4 dxc4 21.
Rxc4 Nd5 22. Qb3 Qg5+ 23. Kf1 Nfxe3+ 24. fxe3 Nxe3+ 25. Kf2 Nxc4 26. Bxc4 Qd2+
27. Kf1 Qxh2 28. Qe3 Qh1+ 29. Qg1 Qxf3+ 30. Qf2 Qxf2+ 31. Kxf2 h6 32. Rb7 Rc8
33. Bd3 Rc3 1-0

[Event "Ïåðâåíñòâî Ìîñêâû ïî øàõìàòàì 2015 ñðåäè ìàëü÷èêîâ (Ì17)"]
[Site "Moscow"]
[Date "2015.11.16"]
[Round "5.1"]
[White "Ãàëàêòèîíîâ, Àðòåì"]
[Black "Ñìèðíîâ, Òèìîôåé"]
[Result "1-0"]
[WhiteElo "2206"]
[BlackElo "2298"]
[PlyCount "0"]
[EventDate "2015.11.12"]

1. d4 {[%clk 1:30:59]} Nf6 {[%clk 1:30:52]} 2. Nf3 {[%clk 1:31:26]} e6
{[%clk 1:31:16]} 3. c4 {[%clk 1:31:54]} d5 {[%clk 1:31:32]} 4. Nc3
{[%clk 1:32:21]} Be7 {[%clk 1:31:50]} 5. g3 {[%clk 1:32:48]} O-O {[%clk 1:31:53]}
6. Bg2 {[%clk 1:33:12]} c6 {[%clk 1:32:17]} 7. O-O {[%clk 1:33:30]} b6
{[%clk 1:32:32]} 8. Qd3 {[%clk 1:33:33]} Bb7 {[%clk 1:20:52]} 9. Rd1
{[%clk 1:24:48]} Na6 {[%clk 1:15:36]} 10. e4 {[%clk 1:17:49]} Nc7
{[%clk 1:03:04]} 11. Ne5 {[%clk 1:09:30]} Rc8 {[%clk 0:51:29]} 12. Bf4
{[%clk 0:58:12]} Nfe8 {[%clk 0:33:30]} 13. exd5 {[%clk 0:47:02]} cxd5
{[%clk 0:33:34]} 14. Qe2 {[%clk 0:45:41]} Nf6 {[%clk 0:25:44]} 15. Rac1
{[%clk 0:41:54]} Bd6 {[%clk 0:14:13]} 16. Bg5 {[%clk 0:37:49]} Ba8
{[%clk 0:10:23]} 17. cxd5 {[%clk 0:32:29]} Ncxd5 {[%clk 0:09:01]} 18. Nxd5
{[%clk 0:32:05]} Bxd5 {[%clk 0:08:33]} 19. Rxc8 {[%clk 0:31:59]} Qxc8
{[%clk 0:08:55]} 20. Bxf6 {[%clk 0:32:25]} gxf6 {[%clk 0:07:58]} 21. Ng4
{[%clk 0:32:38]} Bxa2 {[%clk 0:02:23]} 22. Nxf6+ {[%clk 0:30:21]} Kg7
{[%clk 0:02:41]} 23. Nh5+ {[%clk 0:27:56]} Kh8 {[%clk 0:02:39]} 24. Ra1
{[%clk 0:26:42]} Bd5 {[%clk 0:01:44]} 25. Qg4 {[%clk 0:25:55]} Rg8
{[%clk 0:02:02]} 26. Qh4 {[%clk 0:26:23]} Qd8 {[%clk 0:01:04]} 27. Qxd8
{[%clk 0:26:47]} Rxd8 {[%clk 0:01:29]} 28. Bxd5 {[%clk 0:27:14]} exd5
{[%clk 0:01:52]} 29. Rxa7 {[%clk 0:27:43]} Kg8 {[%clk 0:00:59]} 30. Rb7
{[%clk 0:27:50]} Kf8 {[%clk 0:00:35]} 31. Rxb6 {[%clk 0:26:43]} Bb8
{[%clk 0:00:35]} 32. Nf6 {[%clk 0:26:56]} Ba7 {[%clk 0:00:52]} 33. Rb7
{[%clk 0:26:25]} Bxd4 {[%clk 0:01:09]} 34. Nxh7+ {[%clk 0:26:52]} Kg7
{[%clk 0:01:05]} 35. Ng5 {[%clk 0:27:18]} Kg6 {[%clk 0:01:29]} 36. h4
{[%clk 0:27:28]} Rc8 {[%clk 0:00:42]} 37. Rxf7 {[%clk 0:27:43]} Bxb2
{[%clk 0:00:40]} 38. Rd7 {[%clk 0:28:07]} d4 {[%clk 0:00:55]} 39. Nf3
{[%clk 0:28:30]} Rc1+ {[%clk 0:01:23]} 40. Kg2 {[%clk 0:28:54]} Rd1
{[%clk 0:01:49]} 41. g4 {[%clk 0:28:47]} d3 {[%clk 0:01:48]} 42. h5+
{[%clk 0:22:33]} Kh6 {[%clk 0:02:12]} 43. Rd6+ {[%clk 0:22:52]} Kg7
{[%clk 0:02:23]} 44. g5 {[%clk 0:22:50]} Bc3 {[%clk 0:02:18]} 45. h6+
{[%clk 0:22:46]} Kf8 {[%clk 0:02:41]} 46. g6 {[%clk 0:23:01]} d2 {[%clk 0:03:05]}
47. g7+ {[%clk 0:23:10]} 1-0

[Event "Ïåðâåíñòâî Ìîñêâû ïî øàõìàòàì 2015 ñðåäè ìàëü÷èêîâ (Ì17)"]
[Site "Moscow"]
[Date "2015.11.16"]
[Round "5.2"]
[White "Íàâðîäñêèé, Áîðèñ"]
[Black "Êàðàñåíè, Èâàí"]
[Result "1-0"]
[WhiteElo "2173"]
[BlackElo "1916"]
[PlyCount "0"]
[EventDate "2015.11.12"]

1. d4 {[%clk 1:25:51]} Nf6 {[%clk 1:30:45]} 2. c4 {[%clk 1:26:15]} g6
{[%clk 1:31:01]} 3. Nc3 {[%clk 1:26:38]} Bg7 {[%clk 1:31:22]} 4. e4
{[%clk 1:27:01]} d6 {[%clk 1:31:48]} 5. Nf3 {[%clk 1:27:25]} O-O {[%clk 1:32:13]}
6. Be2 {[%clk 1:27:50]} e5 {[%clk 1:32:39]} 7. O-O {[%clk 1:28:15]} exd4
{[%clk 1:30:20]} 8. Nxd4 {[%clk 1:28:38]} Re8 {[%clk 1:30:41]} 9. f3
{[%clk 1:29:02]} c6 {[%clk 1:31:04]} 10. Nc2 {[%clk 1:25:19]} Na6
{[%clk 1:26:03]} 11. Be3 {[%clk 1:17:16]} Nc7 {[%clk 1:23:31]} 12. Bd4
{[%clk 1:16:00]} d5 {[%clk 1:06:43]} 13. cxd5 {[%clk 1:15:29]} cxd5
{[%clk 1:06:43]} 14. e5 {[%clk 1:13:34]} Nd7 {[%clk 1:05:10]} 15. f4
{[%clk 1:13:58]} b6 {[%clk 1:03:04]} 16. Bf3 {[%clk 1:12:28]} Bb7
{[%clk 0:42:39]} 17. Nb4 {[%clk 0:54:22]} Nf8 {[%clk 0:28:12]} 18. Bf2
{[%clk 0:52:39]} Nfe6 {[%clk 0:16:38]} 19. Nbxd5 {[%clk 0:52:04]} Nxd5
{[%clk 0:16:23]} 20. Nxd5 {[%clk 0:47:44]} Bxd5 {[%clk 0:16:24]} 21. Qxd5
{[%clk 0:42:20]} Qe7 {[%clk 0:15:41]} 22. g3 {[%clk 0:41:20]} Rad8
{[%clk 0:15:38]} 23. Qb5 {[%clk 0:39:28]} Nd4 {[%clk 0:15:24]} 24. Bxd4
{[%clk 0:39:44]} Rxd4 {[%clk 0:15:50]} 25. Rfd1 {[%clk 0:33:12]} Red8
{[%clk 0:14:50]} 26. Rxd4 {[%clk 0:32:26]} Rxd4 {[%clk 0:15:16]} 27. Rc1
{[%clk 0:21:24]} Rb4 {[%clk 0:11:10]} 28. Qe2 {[%clk 0:19:36]} Rd4
{[%clk 0:11:07]} 29. Rd1 {[%clk 0:16:38]} Rxd1+ {[%clk 0:11:23]} 30. Qxd1
{[%clk 0:17:06]} Bf8 {[%clk 0:11:46]} 31. Kg2 {[%clk 0:16:57]} Qc5
{[%clk 0:12:04]} 32. Qd7 {[%clk 0:13:25]} Qe7 {[%clk 0:11:08]} 33. Qd3
{[%clk 0:12:59]} Qb4 {[%clk 0:11:06]} 34. b3 {[%clk 0:12:39]} Qa3
{[%clk 0:10:49]} 35. Qc2 {[%clk 0:12:48]} Qc5 {[%clk 0:11:13]} 36. Qe2
{[%clk 0:12:54]} Qe7 {[%clk 0:10:16]} 37. Bd5 {[%clk 0:12:58]} Qd7
{[%clk 0:10:27]} 38. Qe4 {[%clk 0:11:12]} Kg7 {[%clk 0:09:38]} 39. Qc4
{[%clk 0:09:07]} Bc5 {[%clk 0:08:51]} 40. b4 {[%clk 0:07:06]} Bf8
{[%clk 0:08:57]} 41. b5 {[%clk 0:07:34]} Bc5 {[%clk 0:08:47]} 42. a4
{[%clk 0:08:03]} Qe7 {[%clk 0:08:33]} 43. Be4 {[%clk 0:06:44]} Qd7
{[%clk 0:08:36]} 44. Bd5 {[%clk 0:04:26]} Qe7 {[%clk 0:08:57]} 45. h3
{[%clk 0:04:41]} Qd7 {[%clk 0:09:11]} 46. a5 {[%clk 0:04:48]} Qe7
{[%clk 0:09:23]} 47. a6 {[%clk 0:05:13]} Qd7 {[%clk 0:09:39]} 48. Qb3
{[%clk 0:04:37]} Qe7 {[%clk 0:09:48]} 49. Bc6 {[%clk 0:04:50]} Qd8
{[%clk 0:09:22]} 50. Qd5 {[%clk 0:04:40]} Qxd5+ {[%clk 0:04:22]} 51. Bxd5
{[%clk 0:05:09]} h6 {[%clk 0:04:51]} 52. Kf3 {[%clk 0:05:02]} Kf8
{[%clk 0:04:44]} 53. Ke4 {[%clk 0:04:54]} Ke7 {[%clk 0:04:59]} 54. Bc4
{[%clk 0:05:00]} Bb4 {[%clk 0:03:31]} 55. g4 {[%clk 0:05:08]} Bc5
{[%clk 0:03:53]} 56. f5 {[%clk 0:03:13]} gxf5+ {[%clk 0:03:27]} 57. gxf5
{[%clk 0:02:13]} Bb4 {[%clk 0:03:04]} 58. f6+ {[%clk 0:02:19]} Ke8
{[%clk 0:02:49]} 59. Bd5 {[%clk 0:01:39]} Bc3 {[%clk 0:03:08]} 60. Bc6+
{[%clk 0:01:45]} Kd8 {[%clk 0:03:27]} 61. Kf5 {[%clk 0:01:37]} Bd4
{[%clk 0:03:53]} 62. Ke4 {[%clk 0:01:29]} Bc3 {[%clk 0:04:16]} 63. Kf5
{[%clk 0:01:25]} Bd4 {[%clk 0:04:42]} 64. e6 {[%clk 0:01:46]} fxe6+
{[%clk 0:05:10]} 65. Kxe6 {[%clk 0:02:11]} Bc5 {[%clk 0:05:31]} 66. Kf7
{[%clk 0:02:22]} h5 {[%clk 0:05:51]} 67. Kg8 {[%clk 0:02:37]} h4 {[%clk 0:02:51]}
68. f7 {[%clk 0:03:02]} Bf8 {[%clk 0:03:06]} 69. Kxf8 {[%clk 0:03:25]} Kc8
{[%clk 0:03:33]} 70. Ke8 {[%clk 0:03:39]} Kc7 {[%clk 0:04:01]} 71. Ke7
{[%clk 0:04:02]} 1-0

[Event "Ïåðâåíñòâî Ìîñêâû ïî øàõìàòàì 2015 ñðåäè ìàëü÷èêîâ (Ì17)"]
[Site "Moscow"]
[Date "2015.11.16"]
[Round "5.3"]
[White "Àíòîíÿí, Ãðàíò"]
[Black "×èëèíãàðÿí, Ïàâåë"]
[Result "0-1"]
[WhiteElo "2005"]
[BlackElo "2096"]
[PlyCount "0"]
[EventDate "2015.11.12"]

1. e4 {[%clk 1:30:56]} c5 {[%clk 1:30:57]} 2. Nf3 {[%clk 1:31:21]} Nf6
{[%clk 1:31:23]} 3. Nc3 {[%clk 1:29:04]} Nc6 {[%clk 1:31:46]} 4. d4
{[%clk 1:28:22]} cxd4 {[%clk 1:32:11]} 5. Nxd4 {[%clk 1:28:48]} d6
{[%clk 1:32:37]} 6. Bg5 {[%clk 1:26:17]} e6 {[%clk 1:32:25]} 7. Qd2
{[%clk 1:25:46]} Be7 {[%clk 1:32:36]} 8. O-O-O {[%clk 1:15:09]} a6
{[%clk 1:32:52]} 9. Bxf6 {[%clk 1:12:17]} gxf6 {[%clk 1:31:45]} 10. Kb1
{[%clk 1:06:27]} Bd7 {[%clk 1:29:00]} 11. f4 {[%clk 1:01:08]} Qb6
{[%clk 1:28:37]} 12. Nde2 {[%clk 0:55:45]} Na5 {[%clk 1:25:20]} 13. Ng3
{[%clk 0:55:15]} O-O-O {[%clk 1:24:06]} 14. f5 {[%clk 0:44:02]} h5
{[%clk 1:16:34]} 15. fxe6 {[%clk 0:43:25]} fxe6 {[%clk 1:16:20]} 16. Nf5
{[%clk 0:41:34]} Rhe8 {[%clk 1:02:56]} 17. Nxe7+ {[%clk 0:39:48]} Rxe7
{[%clk 1:03:18]} 18. Qxd6 {[%clk 0:40:13]} Qxd6 {[%clk 1:01:52]} 19. Rxd6
{[%clk 0:40:40]} Rg7 {[%clk 1:00:49]} 20. g3 {[%clk 0:38:14]} Kc7
{[%clk 1:00:01]} 21. Rd1 {[%clk 0:37:58]} h4 {[%clk 0:59:27]} 22. Rd3
{[%clk 0:25:06]} Rh8 {[%clk 0:55:56]} 23. Rg1 {[%clk 0:20:54]} Nc6
{[%clk 0:52:47]} 24. Rf3 {[%clk 0:08:15]} Rh6 {[%clk 0:50:32]} 25. Be2
{[%clk 0:07:04]} Nd4 {[%clk 0:46:07]} 26. Rff1 {[%clk 0:05:09]} hxg3
{[%clk 0:41:16]} 27. hxg3 {[%clk 0:05:10]} Rhg6 {[%clk 0:37:20]} 28. Bd3
{[%clk 0:03:46]} f5 {[%clk 0:33:33]} 29. exf5 {[%clk 0:02:59]} exf5
{[%clk 0:33:13]} 30. Rf4 {[%clk 0:01:09]} Rxg3 {[%clk 0:31:50]} 31. Rxg3
{[%clk 0:01:32]} Rxg3 {[%clk 0:32:17]} 32. a3 {[%clk 0:01:24]} Rg1+
{[%clk 0:31:34]} 33. Ka2 {[%clk 0:01:53]} Rg4 {[%clk 0:31:48]} 34. Rxg4
{[%clk 0:00:35]} fxg4 {[%clk 0:32:13]} 35. Ne4 {[%clk 0:00:42]} Nf5
{[%clk 0:30:14]} 36. Nf6 {[%clk 0:00:38]} Be6+ {[%clk 0:29:15]} 37. Kb1
{[%clk 0:00:53]} g3 {[%clk 0:29:13]} 38. Be4 {[%clk 0:00:37]} Ne3
{[%clk 0:29:03]} 39. Nh5 {[%clk 0:00:56]} g2 {[%clk 0:29:07]} 40. Bxg2
{[%clk 0:01:22]} Nxg2 {[%clk 0:29:33]} 41. Ng3 {[%clk 0:01:48]} Kd6
{[%clk 0:29:21]} 42. Ne2 {[%clk 0:01:52]} Bf5 {[%clk 0:29:14]} 43. b3
{[%clk 0:02:07]} Ne3 {[%clk 0:28:58]} 44. Kb2 {[%clk 0:00:32]} Nxc2
{[%clk 0:28:45]} 45. Nc3 {[%clk 0:00:33]} Nd4 {[%clk 0:29:03]} 46. b4
{[%clk 0:00:56]} Nb5 {[%clk 0:26:14]} 47. Na4 {[%clk 0:00:50]} Kc6
{[%clk 0:25:46]} 48. Nc5 {[%clk 0:01:06]} b6 {[%clk 0:25:25]} 49. Nb3
{[%clk 0:00:56]} Kd5 {[%clk 0:25:42]} 50. Nd2 {[%clk 0:00:34]} Be4
{[%clk 0:25:58]} 51. Nb3 {[%clk 0:00:32]} Nd6 {[%clk 0:25:42]} 52. Nc1
{[%clk 0:00:31]} Kd4 {[%clk 0:24:45]} 53. Ne2+ {[%clk 0:00:38]} Ke3
{[%clk 0:23:51]} 54. Nc3 {[%clk 0:00:47]} Kd3 {[%clk 0:23:50]} 55. Na4
{[%clk 0:00:50]} Nc4+ {[%clk 0:24:00]} 56. Kb3 {[%clk 0:00:51]} Bf3
{[%clk 0:21:57]} 57. Nc3 {[%clk 0:00:56]} Nxa3 {[%clk 0:21:46]} 58. Na4
{[%clk 0:00:31]} Bd1+ {[%clk 0:21:48]} 59. Kxa3 {[%clk 0:00:56]} Bxa4
{[%clk 0:22:15]} 60. Kxa4 {[%clk 0:01:23]} Kc4 {[%clk 0:22:40]} 61. b5
{[%clk 0:01:24]} a5 {[%clk 0:23:01]} 0-1